000 00448nam a2200193Ia 4500
005 20250423100350.0
008 250422s9999 xx 000 0 und d
020 _a9781292023588
050 _aQA 297 .S348/
100 _aSauer, Timothy
245 0 _aNumerical analysis
250 _a2nd ed.
260 _aHarlow
260 _bPearson Addison Wesley
260 _c2014
300 _a607 p
650 _aNumerical Analysis
942 _cBK
999 _c33088
_d33088